00403nam a2200181Ia 4500008004100000020001800041050001400059100001600073245001600089245001600105260001500121260001600136260000900152300001500161300002700176300001000203500000800213170918s9999 xx 000 0 und d a9780439876445 bB344 2006 aBauer, Jeff aLighting! / cJeff Bauer. aNew York : bScholastic, c2006 a16 pages : bcolored illustration ; c23cm. a370